[Event "Fall Chess Classic 2017-A"]
[Site "Saint Louis"]
[Date "2017.09.14"]
[Round "9"]
[White "Zherebukh, Yaroslav"]
[Black "Ju, Wenjun"]
[Result "1/2-1/2"]
[WhiteElo "2621"]
[BlackElo "2574"]
[Annotator "TA"]
[PlyCount "61"]
[EventDate "2017.??.??"]
[EventType "tourn"]
[EventCountry "USA"]
[SourceTitle "playchess.com"]
[Source "ChessBase"]
[SourceQuality "1"]

1. e4 {Program Activation Required} e5 2. Nf3 Nf6 3. Nxe5 d6 4. Nf3 Nxe4 5. Qe2 Qe7 6. d3 Nf6 7. Bg5 Qxe2+ 8. Bxe2 Be7 9. Nc3 h6 10. Bd2 {C42: Russische Verteidigung (Petrow)} (10. Bf4 Nc6 11. O-O-O Be6 12. d4 Nb4 13. a3 Nbd5 14. Nxd5 Nxd5 15. Bd2 Bf6 16. Rhe1 O-O-O 17. h3 Rde8 18. Bd3 {1-0 (68) Bacrot,E (2700)-Wang,Y (2734) Khanty-Mansiysk 2009}) 10... Nc6 11. O-O O-O 12. h3 Bd7 13. a3 Rfe8 $146 ({Vorgänger:} 13... a6 14. Rfe1 Rfe8 15. Rad1 Rad8 16. Bc1 Bf8 17. Bd2 b5 18. Ra1 Rb8 19. Bd1 Rxe1+ 20. Bxe1 {½-½ (20) Thesing,M (2415)-Luecke,N (2395) Nettetal 1992}) 14. Rfe1 Bf8 15. Bf1 a6 16. Rxe8 Rxe8 17. Re1 Rxe1 18. Bxe1 Ne5 19. Be2 Nxf3+ 20. Bxf3 c6 21. Ne4 Nxe4 22. dxe4 f5 23. Bd2 Kf7 24. Kf1 Be7 25. Ke1 fxe4 26. Bxe4 h5 27. Bf3 g6 28. g4 hxg4 29. hxg4 d5 30. a4 Bd6 31. b3 1/2-1/2

[Event "Fall Chess Classic 2017-A"]
[Site "Saint Louis"]
[Date "2017.09.14"]
[Round "9"]
[White "Petrosian, Tigran L"]
[Black "Swiercz, Dariusz"]
[Result "1/2-1/2"]
[WhiteElo "2615"]
[BlackElo "2638"]
[Annotator "TA"]
[PlyCount "60"]
[EventDate "2017.??.??"]
[EventType "tourn"]
[EventCountry "USA"]
[SourceTitle "playchess.com"]
[Source "ChessBase"]
[SourceQuality "1"]

{[%evp 32,60,0,0,0,0,0,0,0,0,0,0,0,0,0,0,0,0,0,0,11,0,0,0,0,0,0,0,0,0,0]} 1. Nf3 Nf6 2. d4 g6 3. g3 Bg7 4. Bg2 d5 5. c4 c6 6. cxd5 cxd5 7. O-O O-O 8. Ne5 Ne4 9. Nc3 Nxc3 10. bxc3 Nc6 11. Nxc6 bxc6 12. Qa4 Qb6 13. Ba3 Qa6 {D79: Fianchetto Grünfeld: Symmetrical Variation (6 0-0 c6 7 cxd5 cxd5)} 14. Qxa6 Bxa6 15. Rfe1 (15. Rfb1 Rfb8 16. Bxe7 Bxe2 17. Bd6 Rxb1+ 18. Rxb1 Bb5 {½-½ (20) Mamedyarov,S (2800)-Li,C (2735) Geneve 2017}) 15... Rfe8 16. e3 e6 17. Bf1 {LiveBook: 7 Games. The position is equal.} Bxf1 18. Kxf1 Bf8 19. Bxf8 Kxf8 $11 {[%mdl 4096] Endgame KRR-KRR} 20. Reb1 $146 ({Predecessor:} 20. Rab1 Reb8 21. Rb3 {½-½ (31) Yilmazyerli,M (2438)-Istratescu,A (2609) Graz 2016}) 20... Reb8 21. Rb3 Rb6 22. Rab1 Rab8 23. Ke2 Ke7 24. Kd3 Kd6 25. c4 {[#] aiming for c5+.} c5 26. cxd5 Rxb3+ 27. axb3 Kxd5 28. dxc5 Kxc5 29. Kc3 a5 30. Rd1 Kc6 {Precision: White = 84%, Black = 100%.} 1/2-1/2

[Event "Fall Chess Classic 2017-A"]
[Site "Saint Louis"]
[Date "2017.09.14"]
[Round "9"]
[White "Li, Ruifeng"]
[Black "Meier, Georg"]
[Result "1/2-1/2"]
[WhiteElo "2548"]
[BlackElo "2651"]
[Annotator "TA"]
[PlyCount "64"]
[EventDate "2017.??.??"]
[EventType "tourn"]
[EventCountry "USA"]
[SourceTitle "playchess.com"]
[Source "ChessBase"]
[SourceQuality "1"]

{[%evp 19,64,31,35,35,26,31,32,25,30,27,25,27,43,37,70,0,18,18,20,13,39,0,15,8,23,17,31,25,30,16,33,16,22,0,0,0,0,0,0,0,0,0,65,0,0,0,0]} 1. e4 e6 2. d4 d5 3. Nc3 dxe4 4. Nxe4 Nd7 5. c3 Ngf6 6. Bd3 {C10: French with 3 Nc3: Unusual Black 3rd moves and 3...dxe4} c5 7. Nf3 Nxe4 (7... cxd4 8. Nxd4 Be7 9. O-O O-O 10. Re1 Qc7 11. Nxf6+ Bxf6 12. Nb5 Qc6 13. Qc2 h6 14. Qe2 a6 {0-1 (49) Bruzon Batista,L (2643)-Narciso Dublan,M (2467) Linares 2017}) 8. Bxe4 Nf6 9. Bc2 cxd4 10. Nxd4 Bc5 {LiveBook: 4 Games} 11. O-O Bxd4 12. cxd4 Bd7 13. a4 $146 ({Find the theoretical novelty and annotate with similar games:} 13. Bf4 Rc8 {1-0 (64) Helmreich,R (2470)-Borisovs,L (2378) ICCF email 2011}) 13... Bc6 14. Ra3 Nd5 15. Qg4 g6 16. Bh6 Qe7 17. Bg5 (17. a5 $14) 17... f6 18. Re1 O-O-O 19. Bd2 Rhe8 20. Rh3 Rd7 21. Qg3 Red8 22. Bb3 Nc7 23. Bc3 Bd5 24. Bc2 Na6 25. Bd3 {Strongly threatening Bb5.} Nb4 26. Bxb4 Qxb4 27. Rc1+ Bc6 28. Rxc6+ $1 bxc6 29. Ba6+ {[#]} Rb7 $1 {[%mdl 512] Hoping for ...Qe1+.} 30. Qe3 (30. Bxb7+ Qxb7) 30... Qxd4 (30... Qxb2 $11 31. Bxb7+ Kxb7 32. Rxh7+ Rd7 33. Rxd7+ Kc8) 31. Qxe6+ ({White should try} 31. Bxb7+ $14 Kxb7 32. Rxh7+ Kb6 33. Qb3+ Ka5 34. g3) 31... Qd7 $11 32. Bxb7+ Kxb7 {Precision: White = 56%, Black = 59%.} 1/2-1/2

[Event "Fall Chess Classic 2017-A"]
[Site "Saint Louis"]
[Date "2017.09.14"]
[Round "10.1"]
[White "Meier, Georg"]
[Black "Zherebukh, Yaroslav"]
[Result "1-0"]
[WhiteElo "2651"]
[BlackElo "2621"]
[Annotator "TA"]
[PlyCount "57"]
[EventDate "2017.??.??"]
[EventType "tourn"]
[EventCountry "USA"]
[SourceTitle "playchess.com"]
[Source "ChessBase"]
[SourceQuality "1"]

{[%evp 16,57,18,6,7,6,9,9,14,14,8,8,12,14,4,10,2,6,13,0,12,-18,-22,-22,-29,-52,-11,-55,0,6,1,0,0,-27,15,23,190,170,171,193,216,215,401,400]} 1. Nf3 Nf6 2. g3 g6 3. Bg2 Bg7 4. O-O O-O 5. d4 d5 6. c4 c6 7. Nbd2 Bf5 8. b3 a5 9. e3 {LiveBook: 4 Games. D78: Fianchetto Grünfeld: 6 0-0 c6} (9. Nh4 Be6 10. e3 Nbd7 11. a4 c5 12. Bb2 cxd4 13. exd4 Rc8 14. Qe2 Qb6 15. c5 Qd8 16. Rac1 b6 17. cxb6 Qxb6 {½-½ (38) Ganguly,S (2658)-Karthikeyan,M (2579) Biel 2017}) 9... Na6 10. a3 $146 ({Find the theoretical novelty and annotate with similar games:} 10. Ba3 Nb4 11. Bxb4 axb4 12. Re1 Ra3 13. Ne5 Nd7 14. Nxd7 Qxd7 15. cxd5 cxd5 {0-1 (33) Fenyvesi,T (1847)-Balog,I (2464) Miskolc 2009}) 10... Ne4 11. Bb2 {The position is equal.} Nxd2 12. Nxd2 Nc5 13. g4 Bd3 14. Re1 a4 {...axb3 is the strong threat.} 15. cxd5 cxd5 16. Rc1 Ne4 17. bxa4 (17. Nc4 $5 dxc4 18. bxc4 $11) 17... Nxd2 18. Qxd2 (18. Bc3 {is interesting.} Nc4 19. Qxd3 Rxa4 20. Bb4 b5 21. e4) 18... Bc4 19. Bc3 Rxa4 20. Bb4 Qd7 21. h3 Rfa8 (21... Bh6 $15) 22. e4 $1 $11 {[%cal Re4d5]} e6 23. exd5 Bxd5 24. Qf4 {Hoping for Rc7.} Bxg2 25. Rc7 $36 {[%mdl 2048] [#] White fights for an advantage.} g5 $2 (25... Qxc7 $1 $11 {[%mdl 512] and Black stays safe.} 26. Qxc7 Bc6) 26. Rxd7 $18 gxf4 27. Kxg2 b6 28. d5 {[%cal Bd4d5,Bd5e6][%mdl 32]} Bf8 $2 (28... exd5 29. Ree7 (29. Rxd5 h6 $16) 29... h6 30. Rxf7 Bb2) 29. dxe6 {Precision: White = 62%, Black = 49%.} 1-0

[Event "Fall Chess Classic 2017-A"]
[Site "Saint Louis"]
[Date "2017.09.14"]
[Round "10.2"]
[White "Zherebukh, Yaroslav"]
[Black "Meier, Georg"]
[Result "1-0"]
[WhiteElo "2621"]
[BlackElo "2651"]
[Annotator "TA"]
[PlyCount "65"]
[EventDate "2017.??.??"]
[EventType "tourn"]
[EventCountry "USA"]
[SourceTitle "playchess.com"]
[Source "ChessBase"]
[SourceQuality "1"]

{[%evp 9,65,-5,2,-17,-6,-19,-20,-27,-18,-30,0,0,7,-12,-6,-22,-21,-14,-10,-18,-8,-19,-11,-45,-27,-24,-22,-24,-6,-8,0,0,0,-13,0,0,0,0,10,16,9,-18,0,-63,-73,-80,-72,-118,-16,-12,0,-60,0,0,29986,29987,29998,29999]} 1. a3 Nf6 2. Nf3 g6 3. c4 Bg7 4. Nc3 O-O 5. e4 c5 6. Rb1 {A05: Réti Opening: 1 Nf3 Nf6} Nc6 7. b4 d6 8. Be2 {The position is equal.} b6 9. O-O Bg4 $146 ({Find the theoretical novelty and annotate with similar games:} 9... Nd4 10. d3 Nxe2+ 11. Nxe2 e5 12. bxc5 bxc5 {0-1 (67) Gonda,L (2520)-Filippov,A (2606) Sibenik 2011}) 10. d3 Nd7 11. Bd2 e6 12. b5 (12. Ne1 $5 {[%cal Re2g4]} Bxe2 13. Nxe2 $11) 12... Bxf3 13. Bxf3 (13. gxf3 Nd4 $17) (13. bxc6 Bxe2 14. Nxe2 Ne5 $17) 13... Nd4 14. Be2 a6 15. bxa6 Rxa6 16. a4 Ne5 17. f4 {[%cal Bf2f4,Bf4f5][%mdl 32]} Nec6 18. Bg4 Nb4 19. Nb5 $1 Nbc6 ({Reject} 19... Nxd3 $6 20. Be3 $16) 20. f5 Qe7 21. Bf4 {[%cal Bd2f4,Bf4g3,Bg3h4,Bh4f6,Bf6g7][%mdl 32]} Ne5 22. Nxd4 cxd4 23. Bh3 Rfa8 24. fxe6 fxe6 25. Bg3 (25. c5 $5 bxc5 26. Qb3 $14) 25... Nd7 26. Qg4 (26. Bh4 $1 $11 Qe8 27. Bg3) 26... Nc5 $15 27. Bh4 Qd7 28. Bf6 Rf8 (28... Bxf6 $17 29. Rxf6 Qxa4) 29. Qg5 $11 Rxa4 30. e5 (30. Bxg7 $11 Qxg7 31. e5) 30... dxe5 ({But not} 30... Nxd3 $2 31. Bxg7 Kxg7 32. Rxf8 $18) (30... Raa8 $15) 31. Qxe5 {Black must now prevent Bxg7.} Nxd3 $2 {[%mdl 8192] [#]} (31... Raa8 $11) 32. Bxe6+ Kh8 33. Bxg7+ {Precision: White = 64%, Black = 21%.} 1-0

[Event "Fall Chess Classic 2017-A"]
[Site "Saint Louis"]
[Date "2017.09.14"]
[Round "10.3"]
[White "Zherebukh, Yaroslav"]
[Black "Meier, Georg"]
[Result "0-1"]
[WhiteElo "2621"]
[BlackElo "2651"]
[Annotator "TA"]
[PlyCount "92"]
[EventDate "2017.??.??"]
[EventType "tourn"]
[EventCountry "USA"]
[SourceTitle "playchess.com"]
[Source "ChessBase"]
[SourceQuality "1"]

{[%evp 24,92,-4,-39,-17,-1,0,-37,-30,-47,-39,-60,-33,-41,-25,-25,-22,-34,-22,-33,-29,-34,-11,-22,-15,-28,-11,-37,0,0,0,0,0,-31,-39,-76,-84,-71,-78,-90,-28,-100,-106,-149,-107,-161,-156,-195,-179,-183,-192,-189,-192,-189,-170,-324,-312,-302,-293,-271,-262,-414,-408,-420,-406,-535,-531,-519,-515,-504,-491]} 1. d4 Nf6 2. Nf3 d5 3. c4 e6 4. Nc3 Be7 5. Bg5 h6 6. Bh4 O-O 7. e3 b6 8. Bd3 Bb7 9. O-O Nbd7 10. Qe2 c5 11. cxd5 Nxd5 12. Bg3 {D58: Queen's Gambit Declined: Tartakower Defence} cxd4 13. exd4 {LiveBook: 3 Games} Nxc3 14. bxc3 {The position is equal.} Nf6 15. Ne5 Rc8 16. Rac1 Qd5 {[%csl Gb7][%cal Rd5g2]} 17. Nf3 {[#]} Qh5 $146 ({Predecessor:} 17... Ne4 18. c4 Nxg3 19. hxg3 Qd6 {½-½ (59) Sokolov,I (2645)-Van der Sterren,P (2560) Wijk aan Zee 1995}) 18. Rfd1 Rfd8 19. Ba6 Qd5 20. Bxb7 Qxb7 21. c4 Ne4 22. Bf4 Bd6 23. Be3 Nf6 24. h3 Rd7 25. Ne5 Bxe5 26. dxe5 Rxd1+ 27. Rxd1 Nd7 28. Bf4 Nf8 29. h4 Ng6 30. Bg3 Ne7 31. h5 Qc7 ({Black should play} 31... Nf5 $17 32. Bf4 Qc6) 32. Rd4 (32. Kh2 $11 {keeps the balance.}) 32... Nf5 $36 {[%mdl 2048] Black is in control.} 33. Rg4 Qd7 34. Bf4 (34. Re4 $17) 34... Rd8 35. Be3 {[#]} Qd1+ $1 36. Qxd1 Rxd1+ 37. Kh2 Nxe3 38. fxe3 $19 {[%mdl 4096] Endgame [#] KR-KR} Rd3 $1 39. Rd4 $2 (39. c5) 39... Rxe3 40. Rd8+ Kh7 41. Rd7 Rxe5 42. Rxa7 (42. g4 $142) 42... Rxh5+ 43. Kg3 Kg6 44. Rb7 Rc5 {Black is clearly winning.} 45. Rxb6 Rxc4 46. Ra6 h5 {Precision: White = 27%, Black = 63%.} 0-1

[Event "Fall Chess Classic 2017-A"]
[Site "Saint Louis"]
[Date "2017.09.14"]
[Round "10.4"]
[White "Meier, Georg"]
[Black "Meier, Georg"]
[Result "1/2-1/2"]
[WhiteElo "2651"]
[BlackElo "2651"]
[Annotator "TA"]
[PlyCount "83"]
[EventDate "2017.??.??"]
[EventType "tourn"]
[EventCountry "USA"]
[SourceTitle "playchess.com"]
[Source "ChessBase"]
[SourceQuality "1"]

{[%evp 9,83,37,47,37,52,37,25,25,35,35,53,41,41,45,102,92,95,103,92,74,80,81,75,75,70,17,17,18,8,5,8,6,6,5,8,10,19,23,32,40,32,28,43,22,65,66,89,77,89,77,77,77,77,77,177,56,56,56,188,188,188,0,74,63,70,70,96,81,6395,6391,6391,5414,29994,29995,29995,0]} 1. Nf3 d6 2. d4 g6 3. g3 Bg7 4. Bg2 c6 5. O-O Qc7 (5... Nf6 6. c4 O-O 7. Nc3 Bf5 8. Nh4 Be6 9. d5 cxd5 10. cxd5 Bd7 11. Be3 Na6 12. Bd4 Qa5 13. a3 Rfc8 14. b4 Qd8 15. Qd3 Qc7 16. Nb5 Qc4 17. Nxa7 Qxd3 18. exd3 Re8 19. Rac1 g5 20. Nf3 Nxd5 21. Bxg7 Kxg7 {0-1 (52) Baltag,I (2396)-Manolache,M (2549) Arad 2012}) 6. e4 {A41: 1 d4 d6: Tartakower System and Modern Defence} Nf6 7. Nbd2 O-O 8. Re1 {White has an edge.} a5 9. a4 b6 10. b3 $146 ({Find the theoretical novelty and annotate with similar games:} 10. c3 e5 11. Qc2 Ba6 12. b3 Rd8 13. Ba3 Nbd7 14. Rad1 Nf8 15. Bf1 Bxf1 16. Rxf1 Ne8 17. Nc4 Ne6 18. Ne3 Nf6 19. d5 Nc5 20. Bxc5 bxc5 21. c4 Bh6 {½-½ (21) Voiska,M (2333)-Genova,L (2232) Plovdiv 2008}) 10... Bb7 11. Bb2 c5 ({Black should play} 11... Nbd7 $14) 12. d5 $16 Nbd7 13. Nc4 Ne8 14. e5 (14. Qc1 {seems wilder.} Bxb2 15. Qxb2 Ba6 16. Ne3 Rd8 17. c4) 14... dxe5 15. Nfxe5 Nxe5 16. Bxe5 Nd6 17. Nxd6 ({Better is} 17. Qe2 $14) 17... exd6 $11 18. Bxg7 Kxg7 19. Qd2 Rae8 20. Qc3+ f6 21. Re3 Qf7 22. Re6 Rxe6 (22... Qc7 {keeps more tension.} 23. Rae1 Rxe6 24. Rxe6 Bc8 25. Re3 Qd8) 23. dxe6 Qe7 24. Bxb7 Qxb7 $14 {[%mdl 4096] Endgame KQR-KQR} 25. Rd1 Rd8 26. h4 h5 27. Qe3 Qe7 28. c4 Re8 29. Re1 f5 30. Qd2 Rd8 31. Kg2 Qb7+ (31... Rf8 $16) 32. f3 (32. Qd5 $1 $18 {[%cal Rd5b7]} Qxd5+ 33. cxd5) 32... Qe7 $1 33. Re2 Qf6 {[#]} (33... Rf8 $14) 34. Qd5 $1 $36 {[%mdl 2048] White has strong initiative.} Qe7 {[#]} 35. Qd2 $2 (35. Qc6 $1 $18) 35... Rf8 (35... Qf6 $1 $11 {keeps the balance.}) 36. f4 Rf6 37. Qd5 $1 Kf8 38. Kf2 Ke8 $2 {[%mdl 8192]} (38... Kg7 $16) 39. Qa8+ Qd8 40. Qc6+ Ke7 41. Qb7+ Ke8 42. Qc6+ $2 {Precision: White = 49%, Black = 38%.} (42. e7 {NOTEXT} Re6 43. exd8=R+ Kxd8 44. Rxe6 d5 45. Rxg6 dxc4 46. Rg8#) 1/2-1/2